| 000 | 01169cad a22002775a 4500 | ||
|---|---|---|---|
| 001 | E148011 | ||
| 008 | 090408s2009 xxkad f s 000 0 eng d | ||
| 035 | _a(Sirsi) u148011 | ||
| 041 | 0 | _aeng | |
| 050 | 0 | 4 | _a333.33 $2 18 |
| 100 | 2 | _aHolberton, Richard | |
| 245 | 0 | 0 |
_aEMEA viewpoint _bindustrial and logistics investment, a port in the storm? _h[electronic resource] |
| 260 |
_aLondon _bCBRE _c2009 |
||
| 490 | 0 | _aCB Richard Ellis EMEA ViewPoint | |
| 520 | _aReports that the nature of investment in industrial and logistics property in Europe has changed in recent years, with activity levels rising and investment becoming more geographically diverse. Suggests that the fall in values over the last year could contribute to an increase in investors' interest in the sector. | ||
| 521 | _aAdvanced | ||
| 590 | _aKA | ||
| 650 | 2 | 4 | _aCB RICHARD ELLIS EMEA VIEWPOINT |
| 651 | 4 | _aEurope | |
| 651 | 4 | _aMiddle East | |
| 651 | 4 | _aAfrica | |
| 690 | _aPROPERTY-COMMERCIAL PROPERTY-COMMERCIAL PROPERTY MARKET | ||
| 700 | 1 | _aTurner, David | |
| 856 | 4 | 0 |
_uhttps://www.cbre.co.uk/ _zView the report free of charge under research at www.cbre.co.uk... |
| 942 | _n0 | ||
| 999 |
_c109840 _d109840 |
||